000 00690nam a2200241 a 4500
003 AR-BaBNM
005 20251128203544.0
008 082120s2002 ||||||||||||||000 | spa||
040 _cAR-BaBNM
100 1 _aCanal Feijóo, Bernardo
245 0 0 _aAlberdi y la proyección sistemática del espíritu de mayo
260 _aBuenos Aires
_bLosada
_c1961
300 _a269 p.
650 4 _aHISTORIA INSTITUCIONAL
650 4 _aHISTORIA DEL DERECHO ARGENTINO
650 4 _aHISTORIA CONSTITUCIONAL
650 4 _aCONGRESO CONSTITUYENTE DE 1853
650 4 _aFEDERALISMO ARGENTINO
650 4 _aREVOLUCION DE MAYO
650 4 _aHISTORIA DE LAS IDEAS
942 _cBK
998 _cmariana
999 _c3918
_d3918